000 01731nam0a2200337 4500
001 RU\NLR\bibl\70840
005 20260407114206.0
010 _a5-230-16564-2
_9300
021 _aRU
_b1999-33918
_91666
035 _a(NLR Aleph) 000069114
090 _a380275
_c380275
100 _a20000217d1999 |||y0rusy50 ca
101 0 _arus
102 _aRU
105 _aa |||||||||
200 1 _aТеория и практика накопления и инвестиций в переходной экономике России
_f[д.э.н., проф. Ю.В. Матвеев, к.э.н., доц. Р.П. Кудряшова, к.э.н., доц. Г.С. Кузнецова и др.
_gОтв. ред.: д.э.н., проф. Ю.В. Матвеев, к.э.н., доц. В.Н. Строгов]
_gМ-во общ. и проф. образования РФ
210 _aСамара
_cИзд-во СГЭА
_d1999
215 _a124 с.
_cил.
_d20
320 _aБиблиогр. в подстроч. прим.
606 0 _aИнвестиции капитала
_yРоссийская Федерация
_92084885
_3RU\NLR\auth\661260982
686 _aУ9(2)-56(2Р)
701 1 _4070
_8rus
_7ca
_aМатвеев
_bЮ. В.
_cд-р экон. наук
_f1942-
_gЮрий Васильевич
_3RU\NLR\auth\7762535
_945465
701 1 _aКудряшова
_bР. П.
_4070
701 1 _aКузнецов
_bГ. С.
_4070
712 0 1 _4570
_aРоссийская Федерация
_bМинистерство общего и профессионального образования
_3RU\NLR\AUTH\889946499
_9388575
801 0 _aRU
_bNLR
_c20000217
_gPSBO
801 1 _aRU
_bNLR
_c20000217
852 _aNLR
_j99-3/18964
942 _cBOOK
980 _aNB